000 01018cam a22002891 4500
001 s 13000153
003 DLC
005 20260227111911.0
007 cr_|||||||||||
008 800214s1902 dcua f000 0 eng c
010 _as 13000153
035 _a(OCoLC)5982541
040 _aSmithsonian Institution
_cKU
_dOCoLC
_dDLC
042 _apremarc
050 0 0 _aQ11
_b.U6 no. 39
051 _aGN431
_b.M3
100 1 _aMason, Otis Tufton,
_d1838-1908.
245 1 0 _aDirections for collectors of American basketry.
_cBy Otis T. Mason.
260 _aWashington,
_bGovt. Print. Off.,
_c1902.
300 _a31 p.
_billus.
_c25 cm.
490 0 _aPart P of Bulletin of the United States National Museum,
_vno. 39
500 _aAt head of title: Smithsonian Institution. United States National Museum.
530 _aAlso available in digital form on the Internet Archive Web site.
650 0 _aBasketwork.
650 0 _aIndian baskets
_zNorth America.
856 4 1 _uhttp://hdl.loc.gov/loc.gdc/scd0001.0019953791A
999 _c52682
_d52682